|
|
|
|
| LEADER |
00000nam a2200000 a 4500 |
| 001 |
vtls001483161 |
| 003 |
SK-MaSNL |
| 005 |
20260302040645.0 |
| 008 |
240130s2004 xr a 0 cze |
| 020 |
|
|
|a 8086249301
|
| 035 |
|
|
|a SNK000438456
|
| 040 |
|
|
|a SNK
|b slo
|c SNK
|e AACR2
|
| 044 |
|
|
|a xr
|c CZ
|
| 072 |
|
7 |
|a 02
|x Knihovníctvo. Informatika
|2 konspekt
|
| 080 |
|
|
|a 026/027
|2 1981
|
| 080 |
|
|
|a 028
|2 1981
|
| 080 |
|
|
|a 004.78:02
|2 1981
|
| 080 |
|
|
|a 02
|2 1981
|
| 080 |
|
|
|a (063)
|2 1981
|
| 111 |
1 |
|
|a Knihovny současnosti
|n (12. :
|d 2004 :
|c Seč, Chrudim, Česko)
|4 aut
|9 93126
|
| 245 |
1 |
|
|a Knihovny současnosti 2004
|b sborník z 12. konference, konané ve dnech 14.-16. září 2004 v Seči u Chrudimi
|c [sestavil Jaromír Kubíček]
|
| 250 |
|
|
|a 1. vyd.
|
| 260 |
|
|
|a Brno
|b Sdružení knihoven ČR
|c 2004
|
| 300 |
|
|
|a 385 s.
|b ilustr.
|c 21 cm
|
| 650 |
0 |
7 |
|a čítanie
|2 SNK
|9 1654
|
| 650 |
0 |
7 |
|a knižnice
|2 SNK
|9 17965
|
| 650 |
0 |
7 |
|a knižničné systémy
|2 SNK
|9 70118
|
| 650 |
0 |
7 |
|a knihovníctvo
|2 SNK
|9 1557
|
| 650 |
0 |
7 |
|a informačné technológie
|2 SNK
|9 1527
|
| 655 |
|
7 |
|a zbierky
|2 SNK
|9 70533
|
| 655 |
|
7 |
|a zborníky konferencií
|2 SNK
|9 70153
|
| 700 |
1 |
|
|a Kubíček, Jaromír,
|d 1938-
|4 zos
|9 48338
|
| 919 |
|
|
|a 80-86249-30-1
|
| 999 |
|
|
|c 1075621
|d 1077551
|
| 952 |
|
|
|t snkKNI/12 021.13(08)
|a SNKUST
|b SNKUST
|y PREZ
|7 0
|p 17A0450021
|o snkIC 131830/2004
|i snkV 1622/2004
|8 2
|g 7.97
|0 0
|1 0
|4 0
|d 2004-10-08
|l 0
|r 2025-04-30 00:00:00
|w 2026-02-24
|